00499nam a22001577a 450000500170000001000150001702000110003203500130004303700130005610000230006924500920009226000430018427000400022730000240026750000500029120130924121017.0 aENG-108128 c300.00 aEN-91661 bDBAD/PUB aMohammed Alimuddin aThe contribution of the Hindus to persian literature in Bengal /cby Mohammed Alimuddin aKolkatabSarfaraz Printing Housec2008 aS.N. Banerjee RoadbKolkatae700014 aiii,166p.c28cm(Hb) aIncludes bibliographical references and index